| 000 | 00646cam a22002052a 4500 | ||
|---|---|---|---|
| 001 | 024419 | ||
| 003 | AR-FADEU | ||
| 008 | 311216n2008####xxu####################dd | ||
| 020 | _a978-950-656-130-7 | ||
| 092 |
_a301.098 _bB576 _eBDT |
||
| 100 | _aBialakowsky, Alberto L., comp. | ||
| 245 | _aSociología y ciencias sociales : conflictos y desafíos en América latina y el caribe, el contexto y la región interrogados | ||
| 260 | _aBuenos Aires | ||
| 260 | _bEncuentro Pre-Alas | ||
| 260 | _c2008 | ||
| 300 | _a2 v | ||
| 700 | _aAna María, Pérez, comp. | ||
| 650 | _aSOCIOLOGIA-AMERICA LATINA; CIENCIAS SOCIALES/BDT/ | ||
| 942 | _cBDT | ||
| 999 |
_c30107 _d30107 |
||